Palabras sobre poesía
Збережено в:
| Автор: | |
|---|---|
| Формат: | Книга |
| Мова: | Undetermined |
| Опубліковано: |
Panamá, Panamá
Imprenta Nacional
1948
|
| Предмети: | |
| Теги: |
Додати тег
Немає тегів, Будьте першим, хто поставить тег для цього запису!
|
MARC
| LEADER | 00000nam a2200000Ia 4500 | ||
|---|---|---|---|
| 008 | 170316s9999 xx 000 0 und d | ||
| 040 | |a cru BVZT | ||
| 090 | |a 860 S-22p | ||
| 100 | |a Sierra, Stella | ||
| 245 | |a Palabras sobre poesía | ||
| 260 | |a Panamá, Panamá | ||
| 260 | |b Imprenta Nacional | ||
| 260 | |c 1948 | ||
| 300 | |a 59 páginas | ||
| 650 | |a LITERATURA LATINOAMERICANA | ||
| 999 | |c 9219 |d 9219 | ||
| 942 | |c 15 D |h 860 S-22p |2 z | ||
